| 000 | 00416nam a2200181Ia 4500 | ||
|---|---|---|---|
| 001 | 9375 | ||
| 005 | 20260306161714.0 | ||
| 008 | 260306t2022||||xx |||||||||||||| ||spa|| | ||
| 041 | _aESP | ||
| 082 |
_a378.001 _bJ25 |
||
| 100 |
_aJaspers, Karl, _eAUT |
||
| 245 | 0 | _aLa idea de la universidad | |
| 260 | _c2022 | ||
| 300 |
_a183 páginas : _c22 cm. |
||
| 650 | _aGEN | ||
| 654 | _aCED | ||
| 942 |
_cLIB _dJUS _fJUS _2ddc _n |
||
| 999 |
_c9375 _d9375 |
||